| 000 | 00785nam a22002177i 4500 | ||
|---|---|---|---|
| 999 |
_c23285 _d23285 |
||
| 003 | AR-CdUCM | ||
| 008 | 250425b20202020 pe||||| |||| 00| 0 spa d | ||
| 040 |
_aMUNICIPALIDAD PROVINCIAL DEL CUSCO _cBIBLIOTECA MUNICIPAL DEL CUSCO |
||
| 041 | _hspa | ||
| 082 |
_aEP / 869.56 / E76 _bE76 |
||
| 100 |
_aEscalante Gutiérrez, Emperatriz _951167 |
||
| 245 |
_aSuyaypaq Takin : _bCuentos y poemas en quechua / |
||
| 260 |
_aCusco : _bUniversidad Andina del Cusco _c2020 |
||
| 300 |
_a57 páginas. : _bIlustraciones _c20x20 cm. |
||
| 505 | _aSumaq yachay, bella sabiduria -- Waytita, boton de flor -- Qosqo -- Tupaq Amaru | ||
| 650 |
_aCuentos en quechua _918110 |
||
| 650 |
_aPoesías en quechua _929025 |
||
| 856 | _fwww.uandina.edu.pe | ||
| 942 |
_2ddc _cLIBROS |
||
| 945 |
_apbjr _d25-04-2025 |
||